अपनी डाली के कांटे (Record no. 96625)

MARC details
000 -LEADER
fixed length control field 00471nam a2200157Ia 4500
008 - FIXED-LENGTH DATA ELEMENTS--GENERAL INFORMATION
fixed length control field 230917s9999||||xx |||||||||||||| ||und||
020 ## - ISBN
Price RS160
040 ## - CATALOGING SOURCE
-- 169668
Original cataloging agency VIVEKANANDA LIBRARY
041 ## - Language
-- English
082 ## - DDC NUMBER
Classification number 891.432751 BV322A
100 ## - MAIN ENTRY--PERSONAL NAME
Personal name दीक्षित विश्वप्रकाश
245 #0 - TITLE STATEMENT
Title अपनी डाली के कांटे
260 ## - PUBLICATION, DISTRIBUTION, ETC. (IMPRINT)
Place of publication, distribution, etc गाजियाबाद
Name of publisher, distributor, etc अनुभव
Date of publication, distribution, etc 1997
300 ## - PHYSICAL DESCRIPTION
Pages 252 पृ. p.
942 ## - ADDED ENTRY ELEMENTS (KOHA)
Koha item type Hindi Books
Holdings
Withdrawn status Lost status Damaged status Not for loan Location (home branch) Sublocation or collection (holding branch) Date acquired Koha issues (times borrowed) Koha full call number Accession No. Koha date last seen Koha item type
        VIVEKANANDA LIBRARY VIVEKANANDA LIBRARY 29/11/2010   891.432751 BV322A 179299 17/09/2023 Hindi Books
        VIVEKANANDA LIBRARY VIVEKANANDA LIBRARY 29/11/2010   891.432751 BV322A 179300 17/09/2023 Hindi Books
© Designed and Maintained by Vivekananda Library, MDU Rohtak